50 Largest cities in North America - Statistics

General Stats
  • This quiz has been taken 34 times
    33 since last reset
  • The average score is 28 of 50
Answer Stats
Hint Answer % Correct
22.75M Mexico City
100%
7.93M New York City
97%
6.49M Toronto
97%
2.61M Chicago
90%
3.77M Los Angeles
90%
1.30M Dallas
87%
4.37M Montreal
87%
767K San Francisco
87%
2.32M Houston
83%
1.51M Philadelphia
77%
989K Austin
73%
3.22M Guatemala City
73%
1.50M San Jose
73%
943K San Jose
73%
2.70M Vancouver
73%
5.57M Guadalajara
70%
1.67M Phoenix
70%
1.53M San Antonio
70%
1.38M San Diego
70%
764K Seattle
70%
2.15M Havana
67%
5.27M Monterrey
67%
1.46M Ottawa
67%
2.05M Panama City
67%
2.33M Tijuana
63%
1.68M Calgary
60%
973K Managua
57%
1.58M Edmonton
53%
937K Kingston
53%
3.13M Port au Prince
53%
1.65M Tegucigalpa
53%
1.00M Jacksonville
47%
917K Columbus
43%
3.64M Santo Domingo
43%
809K Chihuahua
40%
1.01M Fort Worth
40%
3.44M Puebla
40%
935K Charlotte
37%
874K Indianapolis
33%
1.32M Juarez
33%
1.23M Leon
33%
2.43M San Juan
33%
1.31M San Luis Potosi
23%
777K Merida
20%
1.65M Ecatepec de Morelos
7%
1.14M Zapopan
7%
1.10M Ciudad Netzahualcoyotl
0%
1.18M Gustavo
0%
1.81M Iztapalapa
0%
792K Naucalpan de Juarez
0%
No matching quizzes found
Score Distribution
Percent of People with Each Score
Percentile by Number Answered
Your Score History
You have not taken this quiz since the last reset